1545 1765 1405 1728 1181 1776 1278 1589 1554 1076 1352 1949 1734 1145 1640 1214 1298 1583 1580 1171 1523 1849 1779 1419 1784 1529 1419 1527 1963 1785 1290 1788 1978 1292 1680 1319 1411 1004 1606 1522 1920 1525 1527 1491 1725 1091 1274 1604 1249 1810 1360 1132 1297 1960 1561 1293 1533 1819 1871 1550 1585 1610 1521 1111 1110 1699 1050 1241 1968 1250 1683 1008 1361 1276 1137 1827 1467 1582 1651 1757 1615 1231 1285 1012 1675 1782 1807 1574 1618 1399 1675 1477 1662 1128 1753 1073 1340 1033 1779 BCNSPRNW ULIB Ver.6.0+V

เปลี่ยนเป็นภาษาไทย

Change to English
 แสดงรายละเอียดบรรณานุกรม
  กลับหน้าหลัก

Brief Record : Get Marc (ISO 2709) : E-mail record : QR code < ปิดหน้าต่าง
LEADER : 00000nam 2200000uu 4500
001    13399121076
003     ULIB
008    121102s2553||||th 000 0 tha d
020    ^a9789743577130
060 04 ^aWY152^bล461ก
100 0  ^aลิวรรณ อุนนาภิรักษ์
245 10 ^aการพยาบาลผู้สูงอายุ :^bปัญหาระบบประสาทและอื่น ๆ /^cลิวรรณอุนนาภิรักษ์
250    ^aพิมพ์ครั้งที่ 3
260    ^aกรุงเทพฯ :^bภาควิชาการพยาบาลรากฐาน คณะพยาบาลศาสตร์มหาวิทยาลัยมหิดล,^c2553
300    ^a190 หน้า :^bภาพประกอบ ;^c26 ซม.
536    ^aได้รับการสนับสนุนให้ยืมเงินเพื่อพิมพ์ตำราจากมหาวิทยาลัยมหิดล
650  7 ^aการพยาบาลผู้สูงอายุ
650  7 ^aประสาท, โรคระบบ^xการพยาบาล
650  7 ^aผู้สูงอายุ
710 2  ^aมหาวิทยาลัยมหิดล. ^bคณะพยาบาลศาสตร์.^bภาควิชาการพยาบาลรากฐาน
945    ^p0^l0^i032911
945    ^p0^l0^i032912
945    ^p0^l0^i032913
995    ^a เกษร
999 ^a ใช้งานได้ทุกระบบ
รายการนี้ยังไม่มีแท็ก
คุณยังไม่ได้ล็อกอิน คุณสามารถมีกิจกรรมร่วมกับเว็บไซต์ได้ แต่ต้องล็อกอินก่อน ::
  ล็อกอิน

รายการสื่อสารสนเทศ

ลำดับที่ ประเภท เลขเรียก/บาร์โค้ด สถานที่ สถานะ
1. วิทยาศาสตร์การแพทย์ และสุขภาพ
วิทยาศาสตร์การแพทย์ และสุขภาพ
สถานะ=หนังสือเก่า
WY152 ล461ก ฉ.1 
  Barcode: 032911
ห้องสมุดวิทยาเขตสวรรค์ประชารักษ์
►ส่วนจัดเก็บหนังสือเก่า สปร
บนชั้น
  ขอยืม
2. วิทยาศาสตร์การแพทย์ และสุขภาพ
วิทยาศาสตร์การแพทย์ และสุขภาพ
สถานะ=หนังสือเก่า
WY152 ล461ก ฉ.2 
  Barcode: 032912
ห้องสมุดวิทยาเขตสวรรค์ประชารักษ์
►ส่วนจัดเก็บหนังสือเก่า สปร
บนชั้น
  ขอยืม
3. วิทยาศาสตร์การแพทย์ และสุขภาพ
วิทยาศาสตร์การแพทย์ และสุขภาพ
สถานะ=หนังสือเก่า
WY152 ล461ก ฉ.3 
  Barcode: 032913
ห้องสมุดวิทยาเขตสวรรค์ประชารักษ์
►ส่วนจัดเก็บหนังสือเก่า สปร
บนชั้น
  ขอยืม

รายการใกล้เคียง
    ผู้แต่ง [ลิวรรณ อุนนาภิรักษ์]

    หัวเรื่อง [การพยาบาลผู้สูงอายุ]
    หัวเรื่อง [ผู้สูงอายุ]

BibComment


ยังไม่เคยถูกคอมเมนท์

คอมเมนท์ทรัพยากรรายการนี้
  คอมเมนท์: การพยาบาลผู้สูงอ..


 Copyright 2026. Bcnsprnw @Library